00656 2200229 4500001002100000005001700021008004100038020001800079035002400097090001500121100002200136245010900158250001100267260003400278300002300312650002600335700001400361850001500375980001500390985000600405999001500411YOGYA-0209000000166220090227020449.0 ind  a979-421-021-8 0010-020900000001662 a340bPer A aPerangin, Effendi aAnda bermaksud menjadi sarjana hukum ?bberbagai karier dalam profesi hukumcEffendi Perangin, Abu Dinar aCet. 2 aJakartabRajawali Pressc1992 axv, 136 hlmc21 cm aHukum sebagai profesi aAbu Dinar aYOPDYOG(B) a08-30-2005 a1 a95P0073048